Authorized Self-Study Guide : Building scalable Cisco internetworks (BSCI) / (Record no. 13381)
[ view plain ]
| 000 -LEADER | |
|---|---|
| fixed length control field | 01699cam a22003614a 4500 |
| 001 - CONTROL NUMBER | |
| control field | 13739415 |
| 005 - DATE AND TIME OF LATEST TRANSACTION | |
| control field | 20070723150913.0 |
| 008 - FIXED-LENGTH DATA ELEMENTS--GENERAL INFORMATION | |
| fixed length control field | 041004s2005 inua 001 0 eng |
| 010 ## - LIBRARY OF CONGRESS CONTROL NUMBER | |
| LC control number | 2004114556 |
| 020 ## - INTERNATIONAL STANDARD BOOK NUMBER | |
| International Standard Book Number | 1587052237 (alk. paper) |
| 040 ## - CATALOGING SOURCE | |
| Original cataloging agency | DLC |
| Transcribing agency | DLC |
| Modifying agency | DLC |
| 050 00 - LIBRARY OF CONGRESS CALL NUMBER | |
| Classification number | TK5105.5 |
| Item number | .T4177 2007 |
| 082 ## - DEWEY DECIMAL CLASSIFICATION NUMBER | |
| Edition number | 21 |
| Classification number | 004.6 |
| Item number | TEA |
| 100 1# - MAIN ENTRY--PERSONAL NAME | |
| Personal name | Teare, Diane. |
| 9 (RLIN) | 11357 |
| 245 10 - TITLE STATEMENT | |
| Title | Authorized Self-Study Guide : Building scalable Cisco internetworks (BSCI) / |
| Statement of responsibility, etc | Diane Teare, Catherine Paquet. |
| 246 1# - VARYING FORM OF TITLE | |
| Display text | At head of title: |
| Title proper/short title | Authorized self-study guide |
| 246 3# - VARYING FORM OF TITLE | |
| Title proper/short title | Authorized self-study guide, building scalable Cisco internetworks (BSCI) |
| 250 ## - EDITION STATEMENT | |
| Edition statement | 3rd ed. |
| 260 ## - PUBLICATION, DISTRIBUTION, ETC. (IMPRINT) | |
| Place of publication, distribution, etc | Indianapolis, Ind. : |
| Name of publisher, distributor, etc | Cisco Press, |
| Date of publication, distribution, etc | c2007. |
| 300 ## - PHYSICAL DESCRIPTION | |
| Extent | xxxiii, 818 p. : |
| Other physical details | ill. ; |
| Dimensions | 24 cm. |
| 490 0# - Series Statement | |
| Series statement | Certification self-study series |
| 500 ## - GENERAL NOTE | |
| General note | Rev. ed. of: CCNP self-study : building scalable Cisco internetworks (BSCI) / Catherine Paquet, Diane Teare. |
| 500 ## - GENERAL NOTE | |
| General note | "CCNP learning"--Cover. |
| 500 ## - GENERAL NOTE | |
| General note | Includes index. |
| 650 #0 - SUBJECT ADDED ENTRY--TOPICAL TERM | |
| Topical term or geographic name as entry element | Telecommunications engineers |
| General subdivision | Certification |
| Form subdivision | Study guides. |
| 9 (RLIN) | 11358 |
| 650 #0 - SUBJECT ADDED ENTRY--TOPICAL TERM | |
| Topical term or geographic name as entry element | Internetworking (Telecommunication) |
| Form subdivision | Examinations |
| -- | Study guides. |
| 9 (RLIN) | 11359 |
| 700 1# - ADDED ENTRY--PERSONAL NAME | |
| Personal name | Paquet, Catherine. |
| 9 (RLIN) | 11360 |
| 700 1# - ADDED ENTRY--PERSONAL NAME | |
| Personal name | Paquet, Catherine. |
| Title of a work | CCNP self-study. |
| 9 (RLIN) | 11361 |
| 856 41 - ELECTRONIC LOCATION AND ACCESS | |
| Materials specified | Table of contents only |
| Uniform Resource Identifier | <a href="http://www.loc.gov/catdir/toc/fy0707/2004114556.html">http://www.loc.gov/catdir/toc/fy0707/2004114556.html</a> |
| 942 ## - ADDED ENTRY ELEMENTS (KOHA) | |
| Source of classification or shelving scheme | Dewey Decimal Classification |
| Item type | Book - Borrowing |
| Withdrawn status | Item status | Source of classification or shelving scheme | Damaged status | Not for loan | Vendor | Home library | Current library | Shelving location | Date acquired | Source of acquisition | Cost, normal purchase price | Serial Enumeration / chronology | Total Checkouts | Total Renewals | Full call number | Barcode | Date last seen | Date last borrowed | Koha item type |
|---|---|---|---|---|---|---|---|---|---|---|---|---|---|---|---|---|---|---|---|
| Dewey Decimal Classification | Alahram | Central Library | Central Library | Lower Floor | 14/02/2010 | 365.70 | 39 | 2 | 1 | 004.6 TEA | 000019641 | 15/07/2025 | 28/10/2024 | Book - Borrowing |